[Event "3rd Al Ain Chess Rapid"]
[Site "Al-Ain UAE"]
[Date "2014.12.18"]
[Round "5.27"]
[White "Al Shamisi, Hareb Nasser"]
[Black "Ahmad, Alzarovni"]
[Result "0-1"]
[WhiteElo "1389"]
[BlackElo "1721"]
[WhiteFideId "9308067"]
[BlackFideId "9302301"]
[EventDate "2014.12.18"]

1. e4 d5 2. exd5 Qxd5 3. Nc3 Qd6 4. Bc4 Nf6 5. d4 c6 6. Nge2 Bg4 7. f3 Bf5 8.
Bf4 Qd8 9. d5 cxd5 10. Bxd5 Qb6 11. Bb3 Nc6 12. Nd5 Nxd5 13. Qxd5 e6 14. Qd2 Rd8
15. Qc3 Bb4 16. Qxb4 Qxb4+ 17. c3 Qb6 18. Bd2 O-O 19. O-O-O Na5 20. Bc2 Bxc2 21.
Kxc2 Qf2 22. Nf4 Nc4 23. Rhf1 Rxd2+ 24. Kc1 Rc2+ 25. Kb1 Rxb2+ 26. Ka1 Rxa2+ 27.
Kb1 Qb2# 0-1

[Event "3rd Al Ain Chess Rapid"]
[Site "Al-Ain UAE"]
[Date "2014.12.18"]
[Round "5.28"]
[White "Shah Shilpa"]
[Black "Abdi, Abdelkrim"]
[Result "1-0"]
[WhiteElo "1240"]
[BlackElo "1582"]
[WhiteFideId "25069691"]
[BlackFideId "12568740"]
[EventDate "2014.12.18"]

1. e4 e6 2. d4 d5 3. e5 c5 4. Nf3 Nc6 5. Bb5 Bd7 6. O-O a6 7. Bxc6 Bxc6 8. Be3
b6 9. c3 Be7 10. Nbd2 cxd4 11. cxd4 f6 12. a4 Qd7 13. b3 h6 14. Rc1 Rc8 15. Re1
f5 16. Nf1 Qd8 17. Ng3 g6 18. h3 Bg5 19. Nxg5 hxg5 20. Bd2 Kf7 21. Bb4 Rh4 22.
Bd6 g4 23. Re3 f4 24. Rec3 Qd7 25. Ne2 f3 26. Ng3 gxh3 27. Qxf3+ Kg7 28. gxh3
Rxd4 29. Qe3 Rh4 30. Qxb6 Rxh3 31. Rxc6 Rxc6 32. Rxc6 Kh6 33. Qxa6 Kg5 34. Rc7
Qe8 35. b4 Rh4 36. b5 Kg4 37. b6 g5 38. b7 Qg6 39. b8=Q Kh3 40. Qf1+ Kg4 41.
Qb4+ 1-0

[Event "3rd Al Ain Chess Rapid"]
[Site "Al-Ain UAE"]
[Date "2014.12.18"]
[Round "5.30"]
[White "Shah Jiya"]
[Black "Alnyeyadi, Abdulla"]
[Result "0-1"]
[WhiteElo "1063"]
[BlackElo "1423"]
[WhiteFideId "25041568"]
[BlackFideId "9308393"]
[EventDate "2014.12.18"]

1. e4 c5 2. Nc3 Nc6 3. Nge2 g6 4. g3 Bg7 5. Bg2 e6 6. d3 d6 7. Be3 Nge7 8. Qd2
O-O 9. O-O a6 10. Bh6 b5 11. Bxg7 Kxg7 12. f4 b4 13. Nd1 a5 14. Ne3 a4 15. g4
Ba6 16. f5 Bb7 17. f6+ Kg8 18. fxe7 Qxe7 19. Ng3 Na5 20. c3 b3 21. a3 Ba6 22. c4
Nc6 23. Qc3 Nd4 24. Bh1 h6 25. Ng2 Kh7 26. h4 Rg8 27. Rf2 g5 28. Raf1 Raf8 29.
h5 Qd7 30. Qe1 e5 31. Qd1 Qe6 32. Nf5 Qd7 33. Nxd4 cxd4 34. Rf5 Rg7 35. Qf3 Qe7
36. Rf6 Bc8 37. Ne1 Be6 38. Qg3 Qd7 39. Bf3 Qd8 40. Be2 Qd7 41. Qf3 Qe7 42. Qg3
Qd7 43. c5 Rc8 44. cxd6 Qxd6 45. Nf3 Qe7 46. Nxe5 Qd6 47. Nxf7 Qxg3+ 48. Kh1
Rxf7 49. Rxf7+ Bxf7 50. Rxf7+ Kg8 51. Ra7 Rc1+ 52. Bd1 Rxd1# 0-1

[Event "3rd Al Ain Chess Rapid"]
[Site "Al-Ain UAE"]
[Date "2014.12.18"]
[Round "6.1"]
[White "Salem, A.R. Saleh"]
[Black "Kryvoruchko, Yuriy"]
[Result "1/2-1/2"]
[WhiteTitle "GM"]
[BlackTitle "GM"]
[WhiteElo "2586"]
[BlackElo "2671"]
[WhiteFideId "9301348"]
[BlackFideId "14109182"]
[EventDate "2014.12.18"]

1. d4 Nf6 2. c4 e6 3. Nf3 b6 4. a3 Bb7 5. Nc3 d5 6. Qc2 Be7 7. cxd5 Nxd5 8. e4
Nxc3 9. bxc3 O-O 10. Bd3 c5 11. O-O Nd7 12. Qe2 Qc7 13. e5 Rfd8 14. Be3 Nf8 15.
Rfc1 Rac8 16. a4 Ng6 17. Ba6 Rd5 18. h3 h6 19. Bd3 Rdd8 20. a5 bxa5 21. Ba6 Rd5
22. Rcb1 Bxa6 23. Qxa6 cxd4 24. cxd4 Qd8 25. Rb7 Bb4 26. Qxa7 Ra8 27. Qb6 Qxb6
28. Rxb6 Rc8 29. Rb7 Kf8 30. Ne1 Ne7 31. Nd3 Bc3 32. Ra4 Rdd8 33. Nc5 Nd5 34.
Nb3 Rb8 35. Nxa5 Bxa5 36. Rxb8 Rxb8 37. Rxa5 Rb3 38. Ra8+ Ke7 39. Rg8 g5 40. Rh8
Nxe3 41. fxe3 Rxe3 42. Rxh6 Re4 43. Rh5 g4 44. h4 g3 45. Kf1 Rxd4 46. Ke2 Rf4
47. Ke3 Rf2 48. Rg5 Rxg2 49. Kf3 1/2-1/2

[Event "3rd Al Ain Chess Rapid"]
[Site "Al-Ain UAE"]
[Date "2014.12.18"]
[Round "6.2"]
[White "Mamedov, Rauf"]
[Black "Ter-Sahakyan, Samvel"]
[Result "0-1"]
[WhiteTitle "GM"]
[BlackTitle "GM"]
[WhiteElo "2658"]
[BlackElo "2580"]
[WhiteFideId "13401653"]
[BlackFideId "13302531"]
[EventDate "2014.12.18"]

1. e4 c5 2. Nf3 d6 3. Bb5+ Bd7 4. Bxd7+ Qxd7 5. O-O Nf6 6. Qe2 Nc6 7. Rd1 e6 8.
d4 cxd4 9. Nxd4 Be7 10. c4 O-O 11. Nc3 Rfc8 12. b3 a6 13. Bb2 Nxd4 14. Rxd4 Qc6
15. Rad1 b5 16. cxb5 axb5 17. Nxb5 Rxa2 18. Nxd6 Rb8 19. b4 h6 20. Rc4 Qa4 21.
Nc8 Bf8 22. Rd8 Rxb4 23. Rc1 Rbxb2 24. Qd3 Rxf2 25. Ne7+ Kh7 26. e5+ Qe4 27.
Qxe4+ Nxe4 0-1

[Event "3rd Al Ain Chess Rapid"]
[Site "Al-Ain UAE"]
[Date "2014.12.18"]
[Round "6.3"]
[White "Petrosian, Tigran L."]
[Black "Mchedlishvili, Mikheil"]
[Result "0-1"]
[WhiteTitle "GM"]
[BlackTitle "GM"]
[WhiteElo "2651"]
[BlackElo "2625"]
[WhiteFideId "13301616"]
[BlackFideId "13600966"]
[EventDate "2014.12.18"]

1. Nf3 d5 2. g3 g6 3. Bg2 Bg7 4. c4 c6 5. O-O e5 6. d3 Ne7 7. Nc3 O-O 8. Bg5 f6
9. Bd2 Be6 10. Na4 Nd7 11. Rc1 b6 12. cxd5 cxd5 13. Qb3 Re8 14. e4 Nf8 15. Qa3
Qd7 16. exd5 Bxd5 17. Rfe1 Qb7 18. Nh4 Ne6 19. Bh3 g5 20. Nf5 Nxf5 21. Bxf5 Nd4
22. Bg4 Nf3+ 23. Bxf3 Bxf3 24. Nc3 Qd7 25. Re3 Bc6 26. Ne4 Rad8 27. Bb4 Re6 28.
g4 Bd5 29. h3 h5 30. Ng3 hxg4 31. hxg4 a5 32. Bd2 Bf8 33. b4 Re7 34. Nf5 Rh7 35.
f3 Be6 36. Ng3 Qd4 37. Ne2 Qd6 38. Qb2 e4 39. Qxf6 Be7 40. Qg6+ Rg7 41. Qxe4 Bd5
42. Qe5 axb4 43. Qxd6 Bxd6 44. Kf2 Rh7 45. Rg1 Rf8 46. d4 Bxa2 47. Ng3 b3 48.
Ne4 Bf4 49. Re2 Rh2+ 50. Rg2 b2 51. Bxf4 Rxg2+ 52. Kxg2 b1=Q 53. Bxg5 Bc4 54.
Rf2 b5 55. Bh6 Ra8 56. d5 Ra2 57. Bd2 Qd3 58. d6 Kf7 59. Kg3 Bd5 60. Ng5+ Ke8
61. Be1 Rxf2 62. Bxf2 b4 0-1

[Event "3rd Al Ain Chess Rapid"]
[Site "Al-Ain UAE"]
[Date "2014.12.18"]
[Round "6.4"]
[White "Onischuk, Vladimir"]
[Black "Lazarev, Vladimir"]
[Result "1-0"]
[WhiteTitle "GM"]
[BlackTitle "GM"]
[WhiteElo "2614"]
[BlackElo "2387"]
[WhiteFideId "14114038"]
[BlackFideId "4113250"]
[EventDate "2014.12.18"]

1. e4 c5 2. Nf3 Nc6 3. Bb5 Qb6 4. Nc3 e6 5. O-O a6 6. Bxc6 Qxc6 7. d4 cxd4 8.
Nxd4 Qc7 9. Re1 d6 10. Qf3 Nf6 11. Qg3 Bd7 12. Nf3 g6 13. e5 Nh5 14. Qh4 d5 15.
g4 Ng7 16. Bg5 h5 17. Bf6 Bc6 18. Ng5 b5 19. Rad1 Bb7 20. Ne2 Rg8 21. Nd4 Qd7
22. h3 Rh8 23. Re3 Rg8 24. Rf3 Rc8 25. c3 b4 26. Nh7 bxc3 27. bxc3 a5 28. Bg5
Be7 29. Nf6+ Bxf6 30. exf6 Qa4 31. Re1 Nf5 32. gxf5 gxf5 33. Qxh5 1-0

[Event "3rd Al Ain Chess Rapid"]
[Site "Al-Ain UAE"]
[Date "2014.12.18"]
[Round "6.5"]
[White "Babujian, Levon"]
[Black "Iordachescu, Viorel"]
[Result "1/2-1/2"]
[WhiteTitle "GM"]
[BlackTitle "GM"]
[WhiteElo "2471"]
[BlackElo "2611"]
[WhiteFideId "13301993"]
[BlackFideId "13900200"]
[EventDate "2014.12.18"]

1. d4 Nf6 2. c4 e6 3. Nc3 Bb4 4. Nf3 b6 5. Bg5 h6 6. Bh4 g5 7. Bg3 Ne4 8. Qc2
Bxc3+ 9. bxc3 Bb7 10. Nd2 Nxg3 11. hxg3 d6 12. e4 Nd7 13. Be2 Qe7 14. g4 O-O-O
15. f3 Kb8 16. O-O-O c5 17. Nf1 d5 18. Ne3 cxd4 19. Rxd4 dxe4 20. fxe4 Qa3+ 21.
Kb1 Nc5 22. Rxh6 Rc8 23. Rxh8 Rxh8 24. Bf3 Na4 25. Nd1 Rh1 26. Qb3 Nxc3+ 27. Kc2
Qxb3+ 28. axb3 Nxd1 29. Rxd1 Rxd1 30. Kxd1 Kc7 31. Kd2 Bc8 32. e5 a5 33. Kc3 b5
34. cxb5 Bd7 35. b4 Kb6 36. bxa5+ Kxa5 37. Kc4 Kb6 38. Kd4 Bxb5 39. g3 Bc6 40.
Be2 1/2-1/2

[Event "3rd Al Ain Chess Rapid"]
[Site "Al-Ain UAE"]
[Date "2014.12.18"]
[Round "6.7"]
[White "Pourramezanali, Amirreza"]
[Black "Pashikian, Arman"]
[Result "1/2-1/2"]
[WhiteTitle "IM"]
[BlackTitle "GM"]
[WhiteElo "2427"]
[BlackElo "2617"]
[WhiteFideId "12511412"]
[BlackFideId "13301578"]
[EventDate "2014.12.18"]

1. e4 e5 2. Nf3 Nc6 3. Bc4 Bc5 4. c3 Nf6 5. d3 O-O 6. Nbd2 d6 7. O-O h6 8. h3 a6
9. Bb3 Be6 10. Re1 Re8 11. Nc4 Qd7 12. Be3 Bxc4 13. Bxc4 Bxe3 14. Rxe3 Na5 15.
Bd5 c6 16. Bxf7+ Qxf7 17. b4 b5 18. bxa5 Qc7 19. Nh4 Qxa5 20. Nf5 Ra7 21. Nxd6
Rd8 22. Nf5 Kh7 23. Rg3 g6 24. Nh4 Rg7 25. Qe1 Nh5 26. Rf3 Nf4 27. d4 Qc7 28.
Kh2 exd4 29. e5 Ne6 30. Rf6 Nc5 31. cxd4 Rxd4 32. f4 Nd7 33. Qc3 c5 34. Rxa6
Rxf4 35. Nf3 Re4 36. Re1 b4 37. Qa1 Rxe1 38. Qxe1 c4 39. Qh4 Qb8 40. Re6 c3 41.
Qc4 Kh8 42. Kh1 Kh7 43. Kh2 Qf8 44. Rc6 Qf5 45. e6 Ne5 46. Nxe5 Qxe5+ 47. Kh1 1/2-1/2

[Event "3rd Al Ain Chess Rapid"]
[Site "Al-Ain UAE"]
[Date "2014.12.18"]
[Round "6.8"]
[White "Hayrapetyan, Hovik"]
[Black "Bajarani, Ulvi"]
[Result "1/2-1/2"]
[WhiteTitle "GM"]
[BlackTitle "GM"]
[WhiteElo "2441"]
[BlackElo "2494"]
[WhiteFideId "13302639"]
[BlackFideId "13403028"]
[EventDate "2014.12.18"]

1. d4 e6 2. c4 Nf6 3. Nf3 b6 4. e3 Bb7 5. Bd3 Be7 6. Nbd2 d5 7. b3 O-O 8. Bb2 c5
9. dxc5 bxc5 10. O-O Nc6 11. Rc1 d4 12. exd4 cxd4 13. Ne4 Nh5 14. Nxd4 Nxd4 15.
Qxh5 f5 16. Ng3 Nf3+ 17. gxf3 Qxd3 18. Rfd1 Qxf3 19. Qxf3 Bxf3 20. Rd7 Bf6 21.
Bxf6 Rxf6 22. Rc3 Bc6 23. Rc7 Be8 24. f4 a5 25. c5 Rf7 26. Rxf7 Kxf7 27. Ne2 Kf6
28. Kf2 e5 29. c6 Rc8 30. fxe5+ Kxe5 31. Rc5+ Kd6 32. Rxf5 a4 33. Nd4 axb3 34.
axb3 Bxc6 35. Rf7 Be4 36. Rxg7 Ke5 37. Ne2 Bd3 38. Rg3 Bxe2 39. Re3+ Kd4 40.
Rxe2 Rf8+ 41. Kg3 Rb8 42. Rd2+ Kc3 43. Rd7 Rxb3 44. Rxh7 Kd4+ 45. Kf4 Kd5 46.
Rh6 Rb1 47. h4 Rf1+ 48. Kg5 Ke5 49. Ra6 Rg1+ 50. Kh6 Rf1 51. Kg7 Rg1+ 52. Kf7
Rf1+ 53. Kg7 Rg1+ 54. Kh6 Rf1 55. Rg6 Rh1 56. h5 Kf5 57. Ra6 Rh2 58. Ra1 Kf6 59.
Rf1+ Ke7 60. Kg6 Rg2+ 61. Kh7 Rg3 62. h6 Rg2 63. Rb1 Kf7 64. Rb7+ Kf8 65. Rg7
Rh2 66. Rg5 Rh1 67. Rf5+ Ke7 68. Rg5 Kf7 69. Rg4 Rh2 70. Rg1 Rh3 71. Rf1+ Ke7
72. Rf5 Rh1 73. Kg7 Rg1+ 74. Kh8 Rg2 75. Ra5 Kf7 76. Ra7+ Kf8 77. Rg7 Rh2 78. h7
Rf2 1/2-1/2

[Event "3rd Al Ain Chess Rapid"]
[Site "Al-Ain UAE"]
[Date "2014.12.18"]
[Round "6.9"]
[White "Gasimov, Parviz"]
[Black "Miroshnichenko, Evgenij"]
[Result "0-1"]
[WhiteTitle "CM"]
[BlackTitle "GM"]
[WhiteElo "2295"]
[BlackElo "2618"]
[WhiteFideId "13408798"]
[BlackFideId "14102595"]
[EventDate "2014.12.18"]

1. e4 d5 2. exd5 Qxd5 3. Nc3 Qd6 4. d4 Nf6 5. Nf3 g6 6. Be2 Bg7 7. O-O O-O 8.
Nb5 Qd8 9. c4 c6 10. Nc3 Bg4 11. h3 Bxf3 12. Bxf3 Nbd7 13. Re1 Re8 14. Bf4 Nb6
15. Qd3 Nfd7 16. Rad1 e5 17. dxe5 Nxe5 18. Bxe5 Qxd3 19. Rxd3 Bxe5 20. b3 Bxc3
21. Rxe8+ Rxe8 22. Rxc3 Re1+ 23. Kh2 Kf8 24. Re3 Ra1 25. a4 Nd7 26. Be4 Ra2 27.
Kg3 Nc5 28. Bf3 Rb2 29. Bd1 a5 30. f3 f6 31. f4 Kf7 32. h4 f5 33. Kf3 h5 34. g3
Kf6 35. Rc3 Rd2 36. Be2 Ne4 37. Re3 Ke6 38. c5 Kd5 39. Rd3+ Kxc5 0-1

[Event "3rd Al Ain Chess Rapid"]
[Site "Al-Ain UAE"]
[Date "2014.12.18"]
[Round "6.10"]
[White "Oleksienko, Mikhailo"]
[Black "Puranik, Abhimanyu"]
[Result "1-0"]
[WhiteTitle "GM"]
[BlackTitle "CM"]
[WhiteElo "2621"]
[BlackElo "2255"]
[WhiteFideId "4152417"]
[BlackFideId "5061245"]
[EventDate "2014.12.18"]

1. e4 e5 2. Nf3 Nc6 3. Bb5 a6 4. Bxc6 dxc6 5. O-O f6 6. d4 exd4 7. Nxd4 c5 8.
Ne2 Qxd1 9. Rxd1 Bd7 10. Be3 O-O-O 11. Nbc3 b6 12. a4 a5 13. Nf4 Ne7 14. Nfd5
Nxd5 15. Nxd5 Kb7 16. Bf4 Bd6 17. Bxd6 cxd6 18. c4 Rhe8 19. Nc3 Bc6 20. f3 Re5
21. Kf2 g5 22. h4 gxh4 23. Rh1 Rh5 24. Rh2 Rg8 25. Rah1 Rhg5 26. Rg1 Rh5 27. b3
f5 28. exf5 Rxf5 29. Rxh4 h5 30. Rgh1 Rgg5 31. Rd1 Rg6 32. Ne2 Rgf6 33. Ng3 Bxf3
34. Rd2 Bd1+ 35. Nxf5 Rxf5+ 36. Ke3 Bxb3 37. Rxd6 Bxa4 38. Re4 Kc7 39. Rh6 Rf7
40. Ree6 Rg7 41. Rxb6 Rxg2 42. Ra6 Kb7 43. Rxa5 Bc6 44. Rxc5 Rg3+ 45. Kf2 Rf3+
46. Ke2 Be4 47. Re5 Rf4 1-0

[Event "3rd Al Ain Chess Rapid"]
[Site "Al-Ain UAE"]
[Date "2014.12.18"]
[Round "6.11"]
[White "Safranska, Anda"]
[Black "Kravtsiv, Martyn"]
[Result "0-1"]
[WhiteTitle "WGM"]
[BlackTitle "GM"]
[WhiteElo "2267"]
[BlackElo "2576"]
[WhiteFideId "11600209"]
[BlackFideId "14113147"]
[EventDate "2014.12.18"]

1. e4 e5 2. Nf3 Nc6 3. Bb5 a6 4. Ba4 Nf6 5. d3 d6 6. c3 g6 7. O-O Bg7 8. Nbd2
O-O 9. Re1 Re8 10. Nf1 b5 11. Bc2 Bb7 12. a4 d5 13. Ng3 d4 14. Bb3 Qd7 15. Ng5
Rf8 16. c4 b4 17. a5 h6 18. Nf3 Qe7 19. Bd2 Nd7 20. Ba4 Rab8 21. h4 Nc5 22. Bxc6
Bxc6 23. Qe2 Bd7 24. Nf1 f5 25. Red1 f4 26. N1h2 Kh7 27. Kf1 Nb3 28. Ra2 Qc5 29.
Ne1 Bc8 30. Nc2 Nxa5 31. Na1 Bf6 32. h5 g5 33. Ng4 Bg7 34. b3 Nc6 35. Nc2 a5 36.
Rda1 Bd7 37. Ne1 Be8 38. Nh2 Ra8 39. Kg1 Bf7 40. g4 fxg3 41. fxg3 Be6 42. g4 Qe7
43. Kg2 Qd7 44. Kg3 Rf7 45. Nef3 Bf6 46. Rf1 Raf8 47. Raa1 Be7 48. Kh3 Bd6 49.
Kg3 Rg7 50. Kh3 Ra8 51. Kg3 Nd8 52. Kh3 Nb7 53. Rfb1 Rf8 54. Rf1 Ra8 55. Rfb1
Rgg8 56. Qg2 Nc5 57. Ne1 Qe7 58. Nf1 Nd7 59. Ng3 Nf6 60. Nf5 Bxf5 61. exf5 e4
62. dxe4 Qxe4 63. Qxe4 Nxe4 64. Nf3 c5 65. Re1 Rge8 66. Kg2 Kg7 67. Ra2 Kf7 68.
Bc1 d3 69. Be3 Bc7 70. Rb2 a4 71. bxa4 Rxa4 72. Rb3 Ra2+ 73. Kg1 d2 74. Rd1 Rd8
75. Kf1 Rc2 76. Ke2 Nc3+ 0-1

[Event "3rd Al Ain Chess Rapid"]
[Site "Al-Ain UAE"]
[Date "2014.12.18"]
[Round "6.12"]
[White "Firouzja, Alireza"]
[Black "Moskalenko, Viktor1"]
[Result "0-1"]
[BlackTitle "GM"]
[WhiteElo "2332"]
[BlackElo "2528"]
[WhiteFideId "12573981"]
[BlackFideId "14100100"]
[EventDate "2014.12.18"]

1. e4 e6 2. d4 d5 3. Nc3 Bb4 4. Ne2 Nf6 5. e5 Nfd7 6. a3 Be7 7. f4 c5 8. g3 b6
9. Bg2 Nc6 10. Be3 Ba6 11. Qd2 Rc8 12. Kf2 O-O 13. Rhe1 Na5 14. b3 Nc6 15. Kg1
Qc7 16. Kh1 cxd4 17. Nxd4 Nxd4 18. Bxd4 Bc5 19. Re3 Bxd4 20. Qxd4 Qc5 21. Rd1
Qxd4 22. Rxd4 Rc7 23. f5 Rfc8 24. fxe6 fxe6 25. Bh3 Nf8 26. Nxd5 exd5 27. Bxc8
Bxc8 28. Kg1 Be6 29. c3 Kf7 30. Kf2 Ke7 31. Ke2 Nd7 32. b4 Rc8 33. Rf4 b5 34. h4
Nb6 35. Kd3 d4 36. Rxd4 Nd5 37. Re1 Rxc3+ 38. Kd2 Rxg3 39. Rc1 Rxa3 40. Rc5 Ra2+
41. Kc1 a6 42. Rc6 Ra4 43. Rd6 Nxb4 44. Kd2 Ra2+ 45. Ke3 Nd5+ 46. Kf3 Ra3+ 47.
Kf2 b4 48. Rc6 b3 49. Rd2 a5 50. Ra6 Ra2 51. Ke2 Nf4+ 52. Ke3 Ng2+ 53. Ke2 Bc4+ 0-1

[Event "3rd Al Ain Chess Rapid"]
[Site "Al-Ain UAE"]
[Date "2014.12.18"]
[Round "6.13"]
[White "Kovchan, Alexander"]
[Black "Safarov, Zirva"]
[Result "1-0"]
[WhiteTitle "GM"]
[WhiteElo "2569"]
[BlackElo "2104"]
[WhiteFideId "14103052"]
[BlackFideId "13413040"]
[EventDate "2014.12.18"]

1. e4 e6 2. d4 d5 3. Nc3 Nf6 4. Bg5 Be7 5. e5 Nfd7 6. Bxe7 Qxe7 7. f4 a6 8. Nf3
c5 9. dxc5 Qxc5 10. Qd2 Nc6 11. Bd3 b5 12. a3 Nb6 13. b4 Qe7 14. O-O g6 15. Qf2
Qc7 16. Bxb5 axb5 17. Nxb5 Qb8 18. Nd6+ Kd7 19. Nxf7 Ba6 20. Rfd1 Rf8 21. Nd6
Nc4 22. Nxc4 Bxc4 23. Nd2 Qb5 24. Ne4 Nxe5 25. Nc5+ Kc6 26. Nxe6 Qb6 27. Qxb6+
Kxb6 28. Nxf8 Ng4 29. Nd7+ Kc7 30. Ne5 Ne3 31. Rd2 Bb5 32. Kf2 d4 33. Rxd4 Nf5
34. Rd5 Ba4 35. Rad1 Rf8 36. Rc5+ Kb7 37. g3 g5 38. Nc4 Bxc2 39. Na5+ 1-0

[Event "3rd Al Ain Chess Rapid"]
[Site "Al-Ain UAE"]
[Date "2014.12.18"]
[Round "6.14"]
[White "Hilwani, Talal"]
[Black "Aliyev, Elnur"]
[Result "1-0"]
[WhiteElo "2274"]
[BlackElo "2141"]
[WhiteFideId "7600410"]
[BlackFideId "13402617"]
[EventDate "2014.12.18"]

1. c4 g6 2. g3 Bg7 3. Nc3 c5 4. Bg2 Nc6 5. Nf3 e5 6. O-O Nge7 7. a3 a5 8. d3 O-O
9. Ne1 f5 10. Bg5 h6 11. Bxe7 Nxe7 12. Nc2 Nc6 13. Ne3 d6 14. Ned5 f4 15. e3 g5
16. Rb1 Rb8 17. b4 axb4 18. axb4 g4 19. b5 Ne7 20. Nxe7+ Qxe7 21. Nd5 Qg5 22.
exf4 exf4 23. Nxf4 Rxf4 24. gxf4 Qxf4 25. Bd5+ Kh8 26. Qc1 Qf8 27. Qd2 Be5 28.
Rbe1 Qf6 29. Rxe5 dxe5 30. Re1 Be6 31. Bg2 b6 32. Qe3 Rd8 33. Qxe5 Qxe5 34. Rxe5
Bf7 35. Be4 Rd6 36. Re7 Kg8 37. Kg2 Kf8 38. Rc7 Ke8 39. Kg3 Rf6 40. Rc6 Ke7 41.
Kxg4 Rxf2 42. Rxb6 Rxh2 43. Rc6 Be6+ 44. Kg3 Rh5 45. b6 Rg5+ 46. Kf4 Rg4+ 47.
Kf3 Rg8 48. Rxe6+ Kd7 49. Bc6+ Kd8 50. Re8+ Rxe8 51. Bxe8 1-0

[Event "3rd Al Ain Chess Rapid"]
[Site "Al-Ain UAE"]
[Date "2014.12.18"]
[Round "6.15"]
[White "Soumya, Swaminathan"]
[Black "Sameir, Ramez"]
[Result "1-0"]
[WhiteTitle "WGM"]
[WhiteElo "2330"]
[BlackElo "2128"]
[WhiteFideId "5016193"]
[BlackFideId "10606017"]
[EventDate "2014.12.18"]

1. e4 e6 2. d4 d5 3. Nc3 Bb4 4. e5 c5 5. a3 Bxc3+ 6. bxc3 Ne7 7. Qg4 Qc7 8. Qxg7
Rg8 9. Qxh7 cxd4 10. Ne2 Nbc6 11. f4 Bd7 12. h4 O-O-O 13. Qd3 dxc3 14. h5 Nf5
15. h6 Rg6 16. h7 Rh8 17. Qxc3 Rg7 18. Qd3 Na5 19. Rb1 Nc4 20. Rh3 Qa5+ 21. Rb4
Qc5 22. c3 a5 23. Rb1 Nxa3 24. Bxa3 Qxa3 25. Nd4 Nxd4 26. Qxd4 Rgxh7 27. Qa7
Rxh3 28. Qa8+ Kc7 29. Rxb7+ Kc6 30. Qa6+ Kc5 31. Qb6# 1-0

[Event "3rd Al Ain Chess Rapid"]
[Site "Al-Ain UAE"]
[Date "2014.12.18"]
[Round "6.16"]
[White "Soozankar, A.M."]
[Black "Sagar, Shah"]
[Result "1-0"]
[WhiteTitle "FM"]
[WhiteElo "2183"]
[BlackElo "2468"]
[WhiteFideId "12503029"]
[BlackFideId "5022509"]
[EventDate "2014.12.18"]

1. d4 Nf6 2. Nc3 d5 3. Nf3 Bf5 4. Bf4 c6 5. e3 e6 6. Ne5 Nbd7 7. g4 Nxe5 8. gxf5
Ned7 9. fxe6 fxe6 10. Bh3 Qe7 11. Rg1 Qf7 12. a3 g6 13. Qd3 Nh5 14. Bg3 Nxg3 15.
fxg3 Bd6 16. e4 O-O 17. O-O-O Nb6 18. Rde1 Rae8 19. Ne2 dxe4 20. Qxe4 e5 21. Nc3
exd4 22. Qxd4 Qf6 23. Qxf6 Rxe1+ 24. Rxe1 Rxf6 25. Ne4 Be5 26. Nxf6+ Bxf6 27.
Re8+ Kg7 28. Rb8 Nd5 29. Rxb7+ Kh6 30. Be6 Ne7 31. Rxa7 Kg5 32. a4 h5 33. a5 h4
34. gxh4+ Kxh4 35. a6 1-0

[Event "3rd Al Ain Chess Rapid"]
[Site "Al-Ain UAE"]
[Date "2014.12.18"]
[Round "6.17"]
[White "Lodhi, Mahmood"]
[Black "Asadli, Vugar"]
[Result "0-1"]
[WhiteTitle "IM"]
[BlackTitle "CM"]
[WhiteElo "2328"]
[BlackElo "2043"]
[WhiteFideId "7800010"]
[BlackFideId "13405764"]
[EventDate "2014.12.18"]

1. d4 g6 2. e4 Bg7 3. f4 d6 4. Nf3 Nc6 5. d5 Nb8 6. c4 c6 7. Nc3 Nf6 8. Bd3 O-O
9. O-O Nbd7 10. Kh1 Nc5 11. Bc2 cxd5 12. cxd5 b6 13. e5 dxe5 14. fxe5 Ng4 15.
Bf4 Ba6 16. h3 Bxf1 17. Qxf1 Nh6 18. g4 f5 19. g5 Nf7 20. Qe2 Rc8 21. Kg2 e6 22.
d6 Nd7 23. Bb3 Re8 24. h4 Rc5 25. Nd4 Qa8+ 26. Kh3 Nf8 27. Nf3 Nd7 28. Nd4 Nd8
29. Nf3 Nc6 30. Nb5 Ncxe5 31. Nxe5 Bxe5 32. Nc7 Rxc7 33. Bxe5 Rc5 34. Bd4 Rd5
35. Bxd5 Qxd5 36. Rd1 e5 37. Bxb6 Qxa2 38. Qb5 Qe6 39. Bxa7 f4+ 40. Kh2 e4 41.
Qd5 e3 42. Qxe6+ Rxe6 43. Kg2 e2 44. Re1 Ne5 45. d7 Nxd7 46. Kf2 f3 47. Bd4 Re4
48. Bc3 Rf4 49. b4 Nb6 50. Ra1 Nd5 51. Bd2 Rd4 52. Be1 Rd3 53. b5 Nf4 54. b6
Nh3+ 0-1

[Event "3rd Al Ain Chess Rapid"]
[Site "Al-Ain UAE"]
[Date "2014.12.18"]
[Round "6.18"]
[White "Huseynov, Shahin"]
[Black "Petrosyan, Manuel"]
[Result "0-1"]
[BlackTitle "FM"]
[WhiteElo "2162"]
[BlackElo "2407"]
[WhiteFideId "13401106"]
[BlackFideId "13300857"]
[EventDate "2014.12.18"]

1. d4 Nf6 2. Nf3 c5 3. c3 b6 4. g3 Bb7 5. Bg2 e6 6. O-O Be7 7. Nbd2 O-O 8. b3
cxd4 9. cxd4 d5 10. Ne5 Nbd7 11. Bb2 Nxe5 12. dxe5 Nd7 13. e4 Nc5 14. exd5 Bxd5
15. Nc4 Bxg2 16. Kxg2 Nd3 17. Qf3 b5 18. Nd6 Nxb2 19. Qe2 Bxd6 20. exd6 Qxd6 21.
Qxb2 Qd5+ 22. Kg1 Rfd8 23. Rac1 h5 24. Rfe1 h4 25. Re5 Qf3 26. Qe2 Qxe2 27. Rxe2
Rd4 28. Kg2 Rad8 29. Rc5 hxg3 30. hxg3 R4d5 31. Rec2 a5 32. Rc7 R8d7 33. Rxd7
Rxd7 34. Rc8+ Kh7 35. Ra8 Rd2 36. Rxa5 b4 37. Kf3 Rc2 38. Ke3 Kh6 39. Ra4 g5 40.
g4 Kg6 41. f3 f5 42. gxf5+ exf5 43. Rxb4 Rxa2 44. Rb6+ Kh5 45. Rb5 f4+ 46. Ke4
Kh4 47. Kf5 Rf2 48. Rb8 Rxf3 49. b4 Rb3 50. b5 f3 51. Kg6 g4 52. b6 Kg3 53. b7
f2 0-1

[Event "3rd Al Ain Chess Rapid"]
[Site "Al-Ain UAE"]
[Date "2014.12.18"]
[Round "6.19"]
[White "Abdumalik, Zhansaya"]
[Black "Raja Harshit"]
[Result "0-1"]
[WhiteTitle "WGM"]
[WhiteElo "2332"]
[BlackElo "2116"]
[WhiteFideId "13703544"]
[BlackFideId "5089000"]
[EventDate "2014.12.18"]

1. e4 c5 2. Nf3 d6 3. d4 cxd4 4. Nxd4 Nf6 5. Nc3 a6 6. h3 b5 7. a3 Bb7 8. Qe2 g6
9. g4 Bg7 10. Nb3 Nc6 11. Bg2 Rc8 12. f4 Nd7 13. O-O Nc5 14. Be3 Nxb3 15. cxb3
Na5 16. Qd1 O-O 17. Rc1 Qd7 18. f5 Be5 19. Bb6 Nc6 20. Qd2 b4 21. Na4 a5 22. Nc5
Bd4+ 23. Qxd4 Nxd4 24. Nxd7 Rxc1 25. Bxd4 Rfc8 26. Nb6 Rxf1+ 27. Kxf1 Rc1+ 28.
Kf2 Rc2+ 29. Kg1 Rd2 30. Bf2 Rxb2 31. axb4 axb4 32. Nc4 Rxb3 33. Na5 Rb1+ 34.
Kh2 b3 35. Bd4 Ba6 36. Kg3 b2 37. Nc6 Kf8 38. Nb4 Bb7 39. h4 Rg1 40. Bxb2 Bxe4
41. Bd4 Rxg2+ 42. Kf4 Bb7 43. Nd3 Rd2 44. Ke3 Rh2 45. fxg6 hxg6 46. Nf4 Rxh4 47.
Bc3 Rxg4 48. Ne2 Re4+ 49. Kd3 Rxe2 50. Kd4 0-1